| 000 | 02897cam a2200601 a 4500 | ||
|---|---|---|---|
| 001 | he 67001665 | ||
| 003 | DLC | ||
| 005 | 20260227111449.0 | ||
| 008 | 910522m19319999xo a 00110 heb | ||
| 010 | _ahe 67001665 | ||
| 035 | _a(CStRLIN)DCLH91-B1931 | ||
| 040 |
_aDLC _cDLC-R _dDLC-R _dDLC |
||
| 050 | 0 | 0 |
_aBM522.39 _b.R78 1931 |
| 066 | _c(2 | ||
| 100 | 1 |
_6880-01 _aGrünfeld, Simon, _d1881-1930. |
|
| 240 | 1 | 0 |
_6880-02 _aSheʼelot u-teshuvot Maharshag |
| 245 | 1 | 0 |
_6880-03 _aSefer Shut Maharshag / _cme-et Shimʻon Grinfeld = Maharschag / Verfasser, Simon Grünfeld. |
| 246 | 1 |
_6880-04 _iVol. 4 has cover title: _aSefer Sheʼelot u-teshuvot Maharshag |
|
| 260 |
_aV.-Svidnik, Slovakei : _bM. Grünfeld, _c1931-<[1997 or 1998] > |
||
| 300 |
_av. <1-4 > : _bill. ; _c34 cm. |
||
| 500 | _aVols. 2-3 have cover title: Shut Maharshag. | ||
| 500 | _aVol. 3 has title: Sefer Shut Ḳol Yehuda. Sefer Shut Maharshag. | ||
| 500 | _aVol. 3 has spine title: . Shut Ḳol Yehudah. Shut Maharshag. | ||
| 500 | _aVol. 2 published: Yerushalayim; v. 3 published: Yerushalayim : Y. Grinfeld; v. 4 published: Boro-Parḳ : M.Y. Grinfeld ; Bene-Beraḳ : Sh. A. Grinfeld. | ||
| 500 | _aVol. 3 prefaced by: Sefer Shut Ḳol Yehuda / mi-kevod Yehuda Grinfeld. | ||
| 500 | _aIncludes index. | ||
| 650 | 0 |
_aResponsa _y1800-1948. |
|
| 700 | 1 | 2 |
_6880-05 _aGruenfeld, Judah, _d1837-1907. _tShut Ḳol Yehuda. |
| 740 | 0 | _aMaharschag. | |
| 740 | 0 |
_6880-06 _aSefer Sheʼelot u-teshuvot Maharshag. |
|
| 740 | 0 |
_6880-07 _aShut Maharshag. |
|
| 740 | 0 |
_6880-08 _aSheʼelot u-teshuvot Maharshag. |
|
| 740 | 0 |
_6880-09 _aShut Ḳol Yehudah. |
|
| 740 | 0 |
_6880-10 _aSheʼelot u-teshuvot Ḳol Yehudah. |
|
| 740 | 0 |
_6880-11 _aḲol Yehudah. |
|
| 740 | 0 |
_6880-12 _aSefer Shut Ḳol Yehuda. |
|
| 740 | 0 |
_6880-13 _aSefer Sheʼelot u-teshuvot Ḳol Yehuda. |
|
| 740 | 0 |
_6880-14 _aḲol Yehuda. |
|
| 880 | 1 |
_6100-01/(2/r _aגרינפעלד, שמעון. |
|
| 880 | 1 | 0 |
_6240-02/(2/r _aשאלות ותשובות מהרש״ג |
| 880 | 0 | 0 |
_6245-03/(2/r _aספר שו״ת מהרש״ג / _cמאת שמעון גרינפעלד = Maharschag / Verfasser, Simon Grünfeld. |
| 880 | 1 |
_6246-04/(2 _iVol. 4 has cover title: _aספר שאלות ותשובות מהרש״ג |
|
| 880 | 1 | 2 |
_6700-05/(2/r _aגרינפעלד, יהודא. _tשו״ת קול יהודא. |
| 880 | 0 |
_6740-06/(2/r _aספר שאלות ותשובות מהרש״ג. |
|
| 880 | 0 |
_6740-07/(2/r _aשו״ת מהרש״ג. |
|
| 880 | 0 |
_6740-08/(2/r _aשאלות ותשובות מהרש״ג. |
|
| 880 | 0 |
_6740-09/(2/r _aשו״ת קול יהודה. |
|
| 880 | 0 |
_6740-10/(2/r _aשאלות ותשובות קול יהודה. |
|
| 880 | 0 |
_6740-11/(2/r _aקול יהודה. |
|
| 880 | 0 |
_6740-12/(2/r _aספר שו״ת קול יהודא. |
|
| 880 | 0 |
_6740-13/(2/r _aספר שאלות ותשובות קול יהודא. |
|
| 880 | 0 |
_6740-14/(2/r _aקול יהודא. |
|
| 999 |
_c32599 _d32599 |
||